书目信息 |
| 题名: |
匈牙利狂想曲第二号
|
|
| 作者: | 李斯特 曲 ;孟升荣 改编 | |
| 分册: | ||
| 出版信息: | 北京 人民音乐出版社 1982.3 |
|
| 页数: | 16页 | |
| 开本: | 26cm | |
| 丛书名: | ||
| 单 册: | ||
| 中图分类: | J657.43 | |
| 科图分类: | ||
| 主题词: | 外国音乐--作品 , 音乐--各国--作品 | |
| 电子资源: | ||
| ISBN: | ||
| 000 | 00620nam0 2200217 45 | |
| 001 | 0312221749 | |
| 005 | 20040510150543.4 | |
| 010 | @dCNY0.39 | |
| 100 | @a20031222d1982 km y0chiy0120 ea | |
| 101 | @achi | |
| 105 | @a z 000yy | |
| 200 | 1 | @a匈牙利狂想曲第二号@e手风琴独奏@AXiong Ya Li Kuang Xiang Qu Di Er Hao@f(匈)李斯特曲@F(Xiong)Li Si Te Qu@g孟升荣改编 |
| 210 | @a北京@c人民音乐出版社@d1982.3 | |
| 215 | @a16页@d26cm | |
| 606 | 0 | @a外国音乐@x作品 |
| 606 | 0 | @a音乐@y各国@x作品 |
| 690 | @aJ657.43@v3 | |
| 701 | 0 | @a李斯特@4曲 |
| 702 | 0 | @a孟升荣@4改编 |
| 801 | @aCN@bTSTCL@c20031222 | |
| 905 | @dJ657.43@e116 | |
| 匈牙利狂想曲第二号:手风琴独奏/(匈)李斯特曲/孟升荣改编.-北京:人民音乐出版社,1982.3 |
| 16页;26cm |
| ISBN :CNY0.39 |
| ● |
| 相关链接 |
|
|
|
|
正题名:匈牙利狂想曲第二号
索取号:J657.43/116
 
预约/预借
| 序号 | 登录号 | 条形码 | 馆藏地/架位号 | 状态 | 备注 |
| 1 | 0207890 | 001228460 | 第一样本阅览室/ [索取号:J657.43/116] | 在馆 | |
| 2 | 0259001 | 001228451 | 第一借阅区/ [索取号:J657.43/116] | 在馆 |